000 00972cab a2200265 4500
001 ABS50192
008 090401t1994 xxu||||| |||| 00| 0 eng d
035 _a(Sirsi) u74556
041 _aeng
245 _aManagement motivation
260 _c1994
350 _a0
490 _aBuilding
_v259(7830) 11 February 1994, 36-42(7)
520 _aLooks at ways of motivating staff, when the recession has put pressure on job security, workload and pay. Items included cover seminars by Will Carling`s consultancy, Insight; identification of stress in staff and a questionnaire devised for this, the Investors in People scheme and training.
650 _aCONSTRUCTION INDUSTRY
650 _aMANAGEMENT SKILLS
650 _aMOTIVATION
650 _aPERSONNEL MANAGEMENT
650 _aSTAFF
650 _aSTRESS
650 _aCAREERS, EDUCATION AND TRAINING
690 _aMANAGEMENT-BUSINESS MANAGEMENT-PROFESSIONAL PRACTICE
942 _n0
948 _c04/03/1997
999 _c46998
_d46998